Quiz Cultura Generale - Quiz n°86 - Statistics

Statistiche generali
  • Questo quiz è stato fatto 181 volte
  • Il punteggio medio è 7 su 15
Statistiche sulle risposte
Domanda Risposta % Corretto
Quanti sono i sacramenti nel Cattolicesimo? 7
83%
Chi ha scritto la "Vita nova"? Dante Alighieri
79%
In quale stato europeo fu fondata la Croce Rossa internazionale? Svizzera
78%
Quale stato europeo ha territori più a sud? Spagna
76%
Quale nazione vinse la Guerra dei cent'anni? Francia
75%
Chi venne liberato dalla folla al posto di Gesù di Nazareth? Barabba
60%
In quale regione italiana si trova la Gallura? Sardegna
56%
In quale anno si tenne il Congresso di Vienna? 1815
46%
Quale altra regione con la Moravia forma la Repubblica Ceca? Boemia
34%
Quale classico Disney è uscito nel 2013? Frozen - Il regno di ghiaccio
30%
Qual è la capitale delle Bahamas? Nassau
30%
Chi ha vinto il Giro d'Italia nel 2016? Vincenzo Nibali
28%
Qual è l'unico stato sudamericano in cui la pena di morte è utilizzata in via ordinaria? Guyana
24%
Quale stato si trova a sud del Mar Caspio? Iran
22%
Come si chiamava la Dea dell'alba degli antichi greci? Eos
19%
Nessun quiz corrispondente trovato
Distribuzione punteggi
Percentuale di utenti per punteggio
Percentile per numero di risposta
I tuoi punteggi nel tempo
Non hai fatto questo quiz